2000's Songs by Lyrics #1 - Statistics

General Stats
  • This quiz has been taken 492 times
  • The average score is 8 of 15
Answer Stats
Lyrics Song % Correct
The taste of her cherry chapstick I Kissed A Girl
84%
I want your love and all your lover's revenge Bad Romance
76%
Romeo take me somewhere we can be alone Love Story
72%
Ain't that Mr. Mister on the radio, stereo Hey, Soul Sister
68%
I walk a lonely road. The only one that I have ever known Boulevard of Broken Dreams
60%
I throw my hands up in the air sometimes saying, "Ayo, gotta let go" Dynamite
60%
I wanna hold 'em like they do in Texas, please Poker Face
58%
(Oh) your skin, oh yeah, your skin and bones Yellow
56%
I'm a thousand miles away, but girl, tonight you look so pretty Hey There Delilah
54%
But you better not kill the groove Murder On The Dancefloor
51%
Run fast for your mother, run fast for your father Dog Days Are Over
47%
And if you have a minute, why don't we go... Somewhere Only We Know
45%
But it was not your fault but mine Little Lion Man
22%
You go ahead, let your hair down Put Your Records On
12%
And you wake up in the morning and your head feels twice the size This Is The Life
12%
No matching quizzes found
Score Distribution
Percent of People with Each Score
Percentile by Number Answered
Your Score History
You have not taken this quiz